Competition in the 21st Century (Record no. 33590)

MARC details
000 -LEADER
fixed length control field 00467nam a22001817a 4500
005 - DATE AND TIME OF LATEST TRANSACTION
control field 20230921121322.0
008 - FIXED-LENGTH DATA ELEMENTS--GENERAL INFORMATION
fixed length control field 230915b |||||||| |||| 00| 0 eng d
020 ## - INTERNATIONAL STANDARD BOOK NUMBER
ISBN 8175140372
082 ## - DEWEY DECIMAL CLASSIFICATION NUMBER
Classification number 338.5443
Item number TYS-C
100 ## - MAIN ENTRY--AUTHOR
Author Name Tyson,Kirk W.M
245 ## - TITLE STATEMENT
Title Competition in the 21st Century
260 ## - PUBLICATION, DISTRIBUTION, ETC.
Place of Publication India
Name of publisher, distributor, etc. Vanity Books International
Date of publication, distribution, etc. 2006
300 ## - PHYSICAL DESCRIPTION
Pages 279
500 ## - GENERAL NOTE
General note Include Index
650 ## - SUBJECT ADDED ENTRY--TOPICAL TERM
Subject / Department Management/Business
700 ## - ADDED ENTRY--PERSONAL NAME
Personal name Krik W.M.Tyson
952 ## - LOCATION AND ITEM INFORMATION (KOHA)
-- 0
-- 0
Holdings
Lost status Damaged status Collection code Permanent Location Current Location Shelving Location Date acquired Full Call Number Accession No./Barcode Date last seen item type Koha item type
    Literature/Urdu/eng/Islamic Superior Information Resource Center (SIRC) Superior University - City Campus Superior Information Resource Center (SIRC) Superior University - City Campus Economics 09/15/2023 338.5443 TYS-C 2006 20469 09/15/2023 BOOK BOOK

Powered by Koha